Tiếng Việt Mấy vấn đề ngữ âm - ngữ pháp - ngữ nghĩa
Na minha lista:
| Autor principal: | |
|---|---|
| Formato: | Livro |
| Idioma: | Vietnamese |
| Publicado em: |
H.
Giáo dục
1998
|
| Assuntos: | |
| Tags: |
Adicionar Tag
Sem tags, seja o primeiro a adicionar uma tag!
|
| Thư viện lưu trữ: | Trung tâm Học liệu Lê Vũ Hùng, Trường Đại học Đồng Tháp |
|---|
| LEADER | 00808pam a22002538a 4500 | ||
|---|---|---|---|
| 001 | 00025040 | ||
| 005 | 20171026081023.0 | ||
| 008 | 110729s1998 ||||||viesd | ||
| 020 | |c 80000 | ||
| 041 | 0 | # | |a vie |
| 082 | 1 | 4 | |a 495.922 |b T306V |
| 100 | 0 | # | |a Cao Xuân Hạo |
| 245 | 0 | 0 | |a Tiếng Việt |b Mấy vấn đề ngữ âm - ngữ pháp - ngữ nghĩa |c Cao Xuân Hạo |
| 260 | # | # | |a H. |b Giáo dục |c 1998 |
| 300 | # | # | |a 752tr. |c 24cm |
| 650 | # | 4 | |a Ngữ nghĩa |
| 650 | # | 4 | |a Tiếng việt |
| 650 | # | 4 | |a Ngữ âm |
| 650 | # | 4 | |a Ngữ pháp |
| 852 | # | # | |j KM.0009608 |b Kho mượn |
| 852 | # | # | |j KD.0010375 |j KM.0009608 |
| 852 | # | # | |b Kho đọc |j KD.0010375 |
| 910 | |d 29/07/2011 | ||
| 980 | # | # | |a Trung tâm Học liệu Lê Vũ Hùng, Trường Đại học Đồng Tháp |